| 000 | 00926cam a22003257a 4500 | ||
|---|---|---|---|
| 003 | CHAP | ||
| 005 | 20220329140049.0 | ||
| 008 | 971013s1977 r 00010 d | ||
| 010 | _a46415 | ||
| 011 | _a47387 | ||
| 035 | _a51529 | ||
| 040 | _cCHAP | ||
| 082 |
_a580 _bT45Y |
||
| 100 | 0 | 0 |
_aThomas, J. M. _9112841 |
| 245 | 1 | 4 | _aLas plantas |
| 260 |
_aBarcelona : _bEd. Jover, _c1977 |
||
| 300 |
_a69 p. _b: ilus. |
||
| 490 | 0 | _aNatura | |
| 590 |
_aBATCH-UPD _b10 _c20130110 _lUCH01 _h1819 |
||
| 590 |
_aBATCH-UPD _b10 _c20130410 _lUCH01 _h1153 |
||
| 590 |
_aBATCH-UPD _b10 _c20130914 _lUCH01 _h0326 |
||
| 590 |
_aCONVERSION _b10 _c20130109 _lUCH01 _h1325 |
||
| 650 | 1 | 4 |
_aAnatomÃa vegetal. _95495 |
| 650 | 1 | 4 |
_aBotánica. _914477 |
| 830 | 0 |
_aNatura _980407 |
|
| 901 | _aBK | ||
| 942 | _cLIBRO | ||
| 949 |
_a580 T45Y _bBC _cC _d-337489 _eC _h47104 _i51529 _si |
||
| 949 |
_a580 T45Y _bBC _cC _d33724000903290 _eC _fc.2 _h50613 _i51529 _si |
||
| 999 |
_c46415 _d46415 |
||